000 00769nam a2200229 a 4500
001 BRCA_6408
005 20190320205437.0
008 070911s1951----gw-a######---#000-0#ger-#
041 _ager
044 _agw
050 4 _aN6754
_b.E97 2 1951
245 1 0 _aEuropäisches Kunstpreis-Verzeichnis
_b5. Band : Auktionsergebnisse Vom 1. VII. 1949 bis 30. VI. 1950.
260 _aMúnich
_bKunst und Technik
_c1951
300 _a259 p.
_bil., 46 láminas
_c22 cm.
500 _aCatálogo de subasta inventariado por Banco de México como libro
500 _aVer también CDE8
500 _aCDE33
650 1 4 _aArte europeo
_vCatálogos
_92136
650 1 4 _aAntigüedades
_vCatálogos
_xPinturas, Dibujos, Grabados, Libros
_zEuropa
_916012
902 _aGFM
942 _2lcc
_cB
999 _c6093
_d6093